[Event "Королевский Гамбит. Южный Федеральный округ."]
[Date "2025-11-21"]
[Round "3.9"]
[Board "9"]
[White "каргин давид"]
[WhiteElo "980"]
[Black "Сушилов Антон"]
[BlackElo "1000"]
[WebSite "https://www.chessopen.ru"]
[GameId "8921fc8f-8fcf-48c3-91aa-73c6b455bfc3"]
[Result "1-0"]

1. e4 { [%clk 0:09:59] } e5 { [%clk 0:10:00] } 2. Nf3 { [%clk 0:10:00] } Nc6 {
[%clk 0:09:58] } 3. d4 { [%clk 0:10:01] } exd4 { [%clk 0:09:50] } 4. Nxd4 {
[%clk 0:10:01] } Nxd4 { [%clk 0:09:50] } 5. Qxd4 { [%clk 0:09:59] } c6 { [%clk
0:09:32] } 6. Bc4 { [%clk 0:09:58] } b5 { [%clk 0:09:00] } 7. Bb3 { [%clk
0:09:55] } Bb7 { [%clk 0:08:45] } 8. c3 { [%clk 0:09:44] } f6 { [%clk 0:07:57]
} 9. Bf4 { [%clk 0:09:41] } c5 { [%clk 0:07:49] } 10. Qe3 { [%clk 0:09:13] }
Be7 { [%clk 0:07:31] } 11. Nd2 { [%clk 0:09:05] } d5 { [%clk 0:07:22] } 12.
exd5 { [%clk 0:08:59] } Bxd5 { [%clk 0:07:22] } 13. Bxd5 { [%clk 0:08:58] }
Qxd5 { [%clk 0:07:22] } 14. O-O { [%clk 0:08:59] } Nh6 { [%clk 0:07:00] } 15.
Bxh6 { [%clk 0:08:49] } gxh6 { [%clk 0:06:57] } 16. Qxh6 { [%clk 0:08:47] } Rg8
{ [%clk 0:06:58] } 17. f3 { [%clk 0:08:41] } Bf8 { [%clk 0:06:38] } 18. Rae1+ {
[%clk 0:08:06] } Kd7 { [%clk 0:06:18] } 19. Qxh7+ { [%clk 0:07:23] } Kc6 {
[%clk 0:06:03] } 20. Qe4 { [%clk 0:07:01] } Qxe4 { [%clk 0:05:05] } 21. Nxe4 {
[%clk 0:06:09] } f5 { [%clk 0:04:55] } 22. Ng3 { [%clk 0:05:20] } f4 { [%clk
0:04:45] } 23. Ne4 { [%clk 0:05:12] } Be7 { [%clk 0:04:19] } 24. Rd1 { [%clk
0:04:56] } Rad8 { [%clk 0:04:12] } 25. g3 { [%clk 0:04:40] } fxg3 { [%clk
0:03:52] } 26. hxg3 { [%clk 0:04:18] } a5 { [%clk 0:03:21] } 27. Kg2 { [%clk
0:04:11] } b4 { [%clk 0:02:52] } 28. cxb4 { [%clk 0:04:09] } axb4 { [%clk
0:02:52] } 29. Rh1 { [%clk 0:03:50] } Kb5 { [%clk 0:02:42] } 30. Rhe1 { [%clk
0:03:29] } Ka4 { [%clk 0:02:28] } 31. Rxd8 { [%clk 0:03:19] } Rxd8 { [%clk
0:02:22] } 32. Re2 { [%clk 0:02:59] } b3 { [%clk 0:02:04] } 33. a3 { [%clk
0:02:48] } c4 { [%clk 0:01:48] } 34. Nc3+ { [%clk 0:02:48] } Ka5 { [%clk
0:01:43] } 35. Rxe7 { [%clk 0:02:44] } Rd2+ { [%clk 0:01:41] } 36. Re2 { [%clk
0:02:45] } Rxe2+ { [%clk 0:01:28] } 37. Nxe2 { [%clk 0:02:43] } c3 { [%clk
0:01:29] } 38. Nxc3 { [%clk 0:02:46] } Kb6 { [%clk 0:01:26] } 39. g4 { [%clk
0:02:48] } Kc5 { [%clk 0:01:25] } 40. f4 { [%clk 0:02:51] } Kd4 { [%clk
0:01:26] } 41. Kf3 { [%clk 0:02:53] } Kd3 { [%clk 0:01:25] } 42. g5 { [%clk
0:02:32] } Kc2 { [%clk 0:01:25] } 43. Na4 { [%clk 0:02:33] } Kd3 { [%clk
0:01:16] } 44. g6 { [%clk 0:02:35] } Kc4 { [%clk 0:01:17] } 45. g7 { [%clk
0:02:31] } Kb5 { [%clk 0:01:17] } 46. Nc3+ { [%clk 0:02:33] } Kc4 { [%clk
0:01:17] } 47. g8=Q+ { [%clk 0:02:30] } Kd3 { [%clk 0:01:17] } 48. Qxb3 { [%clk
0:02:28] } Kd2 { [%clk 0:01:18] } 49. Qd1# { [%clk 0:02:30] } 1-0

[Event "Королевский Гамбит. Южный Федеральный округ."]
[Date "2025-11-21"]
[Round "3.9"]
[Board "9"]
[White "Квачёв Егор"]
[WhiteElo "990"]
[Black "Аристархов Максим"]
[BlackElo "980"]
[WebSite "https://www.chessopen.ru"]
[GameId "fc79da9b-f13e-4c44-97f1-bfc76350fd46"]
[Result "1-0"]

1. e4 { [%clk 0:10:01] } e5 { [%clk 0:09:51] } 2. Nf3 { [%clk 0:10:02] } Nf6 {
[%clk 0:09:49] } 3. d3 { [%clk 0:10:04] } d6 { [%clk 0:09:48] } 4. Nc3 { [%clk
0:10:06] } Nc6 { [%clk 0:09:48] } 5. Be2 { [%clk 0:10:09] } Be7 { [%clk
0:09:48] } 6. O-O { [%clk 0:10:11] } O-O { [%clk 0:09:49] } 7. Bd2 { [%clk
0:10:12] } Bd7 { [%clk 0:09:47] } 8. Re1 { [%clk 0:10:14] } g6 { [%clk 0:09:46]
} 9. Rc1 { [%clk 0:10:16] } Re8 { [%clk 0:09:42] } 10. Bh6 { [%clk 0:10:12] }
Rc8 { [%clk 0:09:29] } 11. Ng5 { [%clk 0:10:03] } b6 { [%clk 0:09:18] } 12. d4
{ [%clk 0:09:51] } Nxd4 { [%clk 0:09:04] } 13. Bc4 { [%clk 0:09:47] } Ne6 {
[%clk 0:09:00] } 14. Bxe6 { [%clk 0:09:30] } fxe6 { [%clk 0:08:59] } 15. a4 {
[%clk 0:09:07] } a5 { [%clk 0:08:40] } 16. h4 { [%clk 0:08:30] } d5 { [%clk
0:08:28] } 17. exd5 { [%clk 0:08:20] } exd5 { [%clk 0:08:25] } 18. Nxd5 { [%clk
0:08:18] } Bd6 { [%clk 0:08:17] } 19. Nxf6+ { [%clk 0:08:14] } Qxf6 { [%clk
0:08:04] } 20. Qd5+ { [%clk 0:08:13] } Re6 { [%clk 0:07:56] } 21. Rxe5 { [%clk
0:07:20] } Bxe5 { [%clk 0:07:53] } 22. Qxd7 { [%clk 0:07:21] } Ree8 { [%clk
0:07:31] } 23. Qxh7# { [%clk 0:07:22] } 1-0

[Event "Королевский Гамбит. Южный Федеральный округ."]
[Date "2025-11-21"]
[Round "3.9"]
[Board "9"]
[White "Литвинов Егор"]
[WhiteElo "1001"]
[Black "Макушкин Алексей"]
[BlackElo "1010"]
[WebSite "https://www.chessopen.ru"]
[GameId "335ad7fd-ee11-4057-8cf4-7a9d7e9198db"]
[Result "1-0"]

1. d4 { [%clk 0:09:56] } d5 { [%clk 0:09:57] } 2. Nf3 { [%clk 0:09:55] } Nc6 {
[%clk 0:09:58] } 3. Bf4 { [%clk 0:09:45] } f6 { [%clk 0:09:49] } 4. e3 { [%clk
0:09:45] } e5 { [%clk 0:09:50] } 5. dxe5 { [%clk 0:09:48] } fxe5 { [%clk
0:09:45] } 6. Nxe5 { [%clk 0:09:41] } Nxe5 { [%clk 0:09:40] } 7. Bxe5 { [%clk
0:09:43] } c5 { [%clk 0:09:32] } 8. c4 { [%clk 0:09:41] } dxc4 { [%clk 0:09:28]
} 9. Qxd8+ { [%clk 0:09:41] } Kxd8 { [%clk 0:09:28] } 10. Bxc4 { [%clk 0:09:41]
} Nf6 { [%clk 0:09:25] } 11. Nc3 { [%clk 0:09:36] } Bf5 { [%clk 0:09:07] } 12.
O-O-O+ { [%clk 0:09:23] } Kc8 { [%clk 0:08:56] } 13. Rd2 { [%clk 0:08:53] } a6
{ [%clk 0:08:40] } 14. Rhd1 { [%clk 0:08:51] } b5 { [%clk 0:08:20] } 15. Rd8+ {
[%clk 0:08:38] } Kb7 { [%clk 0:08:18] } 16. Rxa8 { [%clk 0:08:10] } Kxa8 {
[%clk 0:08:17] } 17. Bd5+ { [%clk 0:08:06] } Nxd5 { [%clk 0:07:59] } 18. Nxd5 {
[%clk 0:08:07] } c4 { [%clk 0:07:52] } 19. Nc7+ { [%clk 0:07:59] } Kb7 { [%clk
0:07:45] } 20. Rd8 { [%clk 0:07:43] } Kb6 { [%clk 0:07:37] } 21. Rb8+ { [%clk
0:07:27] } Ka5 { [%clk 0:07:36] } 22. Bc3+ { [%clk 0:07:20] } Ka4 { [%clk
0:07:21] } 23. Nxb5 { [%clk 0:06:55] } axb5 { [%clk 0:07:21] } 24. Ra8# { [%clk
0:06:54] } 1-0

[Event "Королевский Гамбит. Южный Федеральный округ."]
[Date "2025-11-21"]
[Round "3.9"]
[Board "9"]
[White "Никишин Глеб"]
[WhiteElo "1020"]
[Black "Марк Белянин"]
[BlackElo "1019"]
[WebSite "https://www.chessopen.ru"]
[GameId "b77c2fed-b0de-4f13-9c3e-961cd135e619"]
[Result "1-0"]

1. g3 { [%clk 0:10:00] } e5 { [%clk 0:09:57] } 2. Bg2 { [%clk 0:09:56] } d5 {
[%clk 0:09:55] } 3. e3 { [%clk 0:09:54] } Nf6 { [%clk 0:09:51] } 4. b3 { [%clk
0:09:49] } Nc6 { [%clk 0:09:47] } 5. Bb2 { [%clk 0:09:47] } g6 { [%clk 0:09:33]
} 6. d4 { [%clk 0:09:41] } exd4 { [%clk 0:09:29] } 7. exd4 { [%clk 0:09:39] }
Qe7+ { [%clk 0:09:28] } 8. Ne2 { [%clk 0:09:37] } Bg7 { [%clk 0:09:28] } 9. O-O
{ [%clk 0:09:35] } O-O { [%clk 0:09:28] } 10. Ba3 { [%clk 0:09:29] } Qd8 {
[%clk 0:07:27] } 11. Bxf8 { [%clk 0:09:26] } Kxf8 { [%clk 0:07:23] } 12. c3 {
[%clk 0:09:13] } Be6 { [%clk 0:07:22] } 13. Nd2 { [%clk 0:09:09] } Qd7 { [%clk
0:07:23] } 14. Nf4 { [%clk 0:09:07] } Bf5 { [%clk 0:07:13] } 15. Re1 { [%clk
0:08:58] } Bh6 { [%clk 0:07:12] } 16. Nf3 { [%clk 0:08:36] } Bxf4 { [%clk
0:07:10] } 17. gxf4 { [%clk 0:08:36] } Bh3 { [%clk 0:07:09] } 18. Ne5 { [%clk
0:08:29] } Qf5 { [%clk 0:06:30] } 19. Qd3 { [%clk 0:08:19] } Nxe5 { [%clk
0:06:22] } 20. Qxf5 { [%clk 0:08:16] } Bxf5 { [%clk 0:06:19] } 21. fxe5 { [%clk
0:08:15] } Ne4 { [%clk 0:06:18] } 22. c4 { [%clk 0:08:15] } c6 { [%clk 0:06:11]
} 23. cxd5 { [%clk 0:08:17] } cxd5 { [%clk 0:06:11] } 24. Rac1 { [%clk 0:08:20]
} f6 { [%clk 0:04:48] } 25. f3 { [%clk 0:07:54] } Ng5 { [%clk 0:04:24] } 26.
exf6 { [%clk 0:07:52] } Kf7 { [%clk 0:04:22] } 27. Re7+ { [%clk 0:07:34] } Kxf6
{ [%clk 0:04:18] } 28. Rxb7 { [%clk 0:07:34] } Ne6 { [%clk 0:03:37] } 29. Rc6 {
[%clk 0:07:27] } Kg5 { [%clk 0:03:34] } 30. Rxh7 { [%clk 0:07:22] } Nxd4 {
[%clk 0:03:34] } 31. Rd6 { [%clk 0:07:20] } Ne2+ { [%clk 0:03:33] } 32. Kf2 {
[%clk 0:07:19] } Nc3 { [%clk 0:03:33] } 33. Kg3 { [%clk 0:07:10] } Ne2+ { [%clk
0:03:16] } 34. Kf2 { [%clk 0:07:12] } Nc3 { [%clk 0:03:17] } 35. Bf1 { [%clk
0:07:05] } a5 { [%clk 0:03:12] } 36. Kg3 { [%clk 0:07:04] } Be4 { [%clk
0:02:45] } 37. h4+ { [%clk 0:07:02] } Kf5 { [%clk 0:02:43] } 38. Re7 { [%clk
0:06:39] } Bb1 { [%clk 0:02:36] } 39. Bh3# { [%clk 0:06:28] } 1-0

[Event "Королевский Гамбит. Южный Федеральный округ."]
[Date "2025-11-21"]
[Round "3.9"]
[Board "9"]
[White "Савельев Максим"]
[WhiteElo "1020"]
[Black "Слободской Виталий"]
[BlackElo "980"]
[WebSite "https://www.chessopen.ru"]
[GameId "67577174-4255-4198-8e31-3625a17279e0"]
[Result "1-0"]

1. d3 { [%clk 0:09:54] } Nc6 { [%clk 0:09:57] } 2. e4 { [%clk 0:09:55] } e5 {
[%clk 0:09:57] } 3. Nf3 { [%clk 0:09:53] } Nf6 { [%clk 0:09:55] } 4. Be2 {
[%clk 0:09:50] } Bb4+ { [%clk 0:09:41] } 5. c3 { [%clk 0:09:34] } Bc5 { [%clk
0:09:39] } 6. b4 { [%clk 0:09:09] } Bb6 { [%clk 0:09:30] } 7. a4 { [%clk
0:09:07] } O-O { [%clk 0:09:27] } 8. a5 { [%clk 0:09:04] } Bxf2+ { [%clk
0:09:09] } 9. Kxf2 { [%clk 0:08:45] } Ng4+ { [%clk 0:09:05] } 10. Kg1 { [%clk
0:08:01] } Ne7 { [%clk 0:08:53] } 11. h3 { [%clk 0:07:40] } Nf6 { [%clk
0:08:49] } 12. Nxe5 { [%clk 0:07:38] } d6 { [%clk 0:08:34] } 13. Ng4 { [%clk
0:07:27] } Nxg4 { [%clk 0:08:32] } 14. Bxg4 { [%clk 0:07:29] } Bxg4 { [%clk
0:08:30] } 15. Qxg4 { [%clk 0:07:32] } f5 { [%clk 0:08:18] } 16. exf5 { [%clk
0:06:49] } Rxf5 { [%clk 0:08:17] } 17. Bg5 { [%clk 0:06:46] } Qf8 { [%clk
0:08:07] } 18. Bxe7 { [%clk 0:06:18] } Rf1+ { [%clk 0:08:02] } 19. Kh2 { [%clk
0:06:18] } Qf4+ { [%clk 0:07:48] } 20. Qxf4 { [%clk 0:06:02] } Rxf4 { [%clk
0:07:48] } 21. Nd2 { [%clk 0:06:00] } Rf2 { [%clk 0:07:40] } 22. Ne4 { [%clk
0:05:57] } Re2 { [%clk 0:07:34] } 23. Rhf1 { [%clk 0:05:57] } Re8 { [%clk
0:07:27] } 24. Bh4 { [%clk 0:05:49] } d5 { [%clk 0:07:18] } 25. Nc5 { [%clk
0:05:46] } R2e3 { [%clk 0:06:55] } 26. Rad1 { [%clk 0:05:33] } b6 { [%clk
0:06:29] } 27. axb6 { [%clk 0:05:23] } cxb6 { [%clk 0:06:25] } 28. Nb3 { [%clk
0:04:46] } Rd8 { [%clk 0:06:07] } 29. Rfe1 { [%clk 0:04:31] } Rde8 { [%clk
0:06:01] } 30. Rxe3 { [%clk 0:04:27] } Rxe3 { [%clk 0:06:02] } 31. Bf2 { [%clk
0:04:09] } Re2 { [%clk 0:05:57] } 32. Bg3 { [%clk 0:03:49] } a5 { [%clk
0:05:55] } 33. bxa5 { [%clk 0:03:48] } bxa5 { [%clk 0:05:56] } 34. Nxa5 { [%clk
0:03:50] } Rc2 { [%clk 0:05:42] } 35. Be5 { [%clk 0:03:46] } g5 { [%clk
0:05:37] } 36. Rf1 { [%clk 0:03:41] } Ra2 { [%clk 0:05:18] } 37. Nc6 { [%clk
0:03:33] } Ra8 { [%clk 0:05:00] } 38. Ne7# { [%clk 0:03:29] } 1-0

[Event "Королевский Гамбит. Южный Федеральный округ."]
[Date "2025-11-21"]
[Round "3.9"]
[Board "9"]
[White "Статник Назар"]
[WhiteElo "990"]
[Black "Березин Михаил"]
[BlackElo "990"]
[WebSite "https://www.chessopen.ru"]
[GameId "f5280eaa-1893-4f61-ada3-e417fd1e6915"]
[Result "0-1"]

1. e4 { [%clk 0:09:56] } e5 { [%clk 0:09:52] } 2. d3 { [%clk 0:09:48] } Nf6 {
[%clk 0:09:33] } 3. h4 { [%clk 0:09:28] } d5 { [%clk 0:09:22] } 4. c4 { [%clk
0:09:11] } dxc4 { [%clk 0:08:58] } 5. Qa4+ { [%clk 0:09:10] } Nc6 { [%clk
0:08:50] } 6. Bf4 { [%clk 0:08:57] } cxd3 { [%clk 0:08:26] } 7. Bxe5 { [%clk
0:08:53] } Qd7 { [%clk 0:05:42] } 8. f3 { [%clk 0:08:30] } Nxe5 { [%clk
0:05:38] } 9. Rh3 { [%clk 0:08:09] } Qxa4 { [%clk 0:05:33] } 10. a3 { [%clk
0:08:06] } Bxh3 { [%clk 0:05:32] } 11. gxh3 { [%clk 0:08:07] } Rd8 { [%clk
0:05:21] } 12. Nc3 { [%clk 0:08:03] } Qb3 { [%clk 0:05:06] } 13. Nb1 { [%clk
0:07:56] } Qxb2 { [%clk 0:05:04] } 14. Bxd3 { [%clk 0:07:50] } Qxa1 { [%clk
0:05:00] } 15. f4 { [%clk 0:07:40] } Nxd3+ { [%clk 0:04:57] } 16. Ke2 { [%clk
0:07:26] } Qxb1 { [%clk 0:04:59] } 17. Nf3 { [%clk 0:07:17] } Nxf4+ { [%clk
0:04:55] } 18. Ke3 { [%clk 0:07:05] } Qxe4+ { [%clk 0:04:56] } 19. Kf2 { [%clk
0:06:48] } Nxh3+ { [%clk 0:04:56] } 20. Kg3 { [%clk 0:06:47] } Nf4 { [%clk
0:04:40] } 21. h5 { [%clk 0:06:37] } N6xh5+ { [%clk 0:04:40] } 22. Kg4 { [%clk
0:06:30] } Bxa3 { [%clk 0:04:39] } 23. Kh4 { [%clk 0:06:14] } Qe7+ { [%clk
0:04:31] } 24. Kg4 { [%clk 0:06:14] } Ng6 { [%clk 0:04:12] } 25. Kxh5 { [%clk
0:06:03] } Qe2 { [%clk 0:03:42] } 26. Kg4 { [%clk 0:05:57] } Ne5+ { [%clk
0:03:33] } 27. Kg3 { [%clk 0:05:53] } Qxf3+ { [%clk 0:03:33] } 28. Kh4 { [%clk
0:05:49] } Qg2 { [%clk 0:03:31] } 29. Kh5 { [%clk 0:05:51] } Nc6 { [%clk
0:03:31] } 30. Kh4 { [%clk 0:05:51] } Rd6 { [%clk 0:03:29] } 31. Kh5 { [%clk
0:05:48] } Rh6# { [%clk 0:03:30] } 0-1

[Event "Королевский Гамбит. Южный Федеральный округ."]
[Date "2025-11-21"]
[Round "3.10"]
[Board "10"]
[White "Chekashov Egor"]
[WhiteElo "1019"]
[Black "Морарь Дмитрий"]
[BlackElo "1019"]
[WebSite "https://www.chessopen.ru"]
[GameId "37dc4042-9993-4f83-a43b-772cc80070b4"]
[Result "0-1"]

1. d4 { [%clk 0:10:00] } Nf6 { [%clk 0:10:00] } 2. c4 { [%clk 0:09:59] } g6 {
[%clk 0:09:59] } 3. e3 { [%clk 0:10:01] } Bg7 { [%clk 0:09:59] } 4. Nc3 { [%clk
0:10:01] } d5 { [%clk 0:09:59] } 5. Nf3 { [%clk 0:10:02] } O-O { [%clk 0:09:59]
} 6. Bd3 { [%clk 0:10:01] } dxc4 { [%clk 0:09:59] } 7. Bxc4 { [%clk 0:10:03] }
c5 { [%clk 0:10:00] } 8. O-O { [%clk 0:10:03] } cxd4 { [%clk 0:09:59] } 9. Nxd4
{ [%clk 0:10:03] } a6 { [%clk 0:09:51] } 10. b3 { [%clk 0:09:53] } b5 { [%clk
0:09:50] } 11. Be2 { [%clk 0:09:51] } e5 { [%clk 0:09:49] } 12. Nf3 { [%clk
0:09:51] } Nbd7 { [%clk 0:09:38] } 13. Bb2 { [%clk 0:09:48] } e4 { [%clk
0:09:37] } 14. Nd4 { [%clk 0:09:24] } Bb7 { [%clk 0:09:35] } 15. f3 { [%clk
0:09:21] } exf3 { [%clk 0:09:20] } 16. Bxf3 { [%clk 0:09:20] } Bxf3 { [%clk
0:09:20] } 17. Nxf3 { [%clk 0:09:17] } Re8 { [%clk 0:09:17] } 18. Re1 { [%clk
0:08:50] } Nc5 { [%clk 0:09:12] } 19. Ba3 { [%clk 0:07:02] } b4 { [%clk
0:09:08] } 20. Qxd8 { [%clk 0:06:31] } Raxd8 { [%clk 0:09:07] } 21. Bxb4 {
[%clk 0:06:33] } Nd3 { [%clk 0:09:06] } 22. Ba5 { [%clk 0:06:28] } Nxe1 { [%clk
0:09:06] } 23. Bxd8 { [%clk 0:06:29] } Nxf3+ { [%clk 0:09:06] } 24. gxf3 {
[%clk 0:06:29] } Rxd8 { [%clk 0:09:07] } 25. Kf2 { [%clk 0:05:55] } Rd2+ {
[%clk 0:09:06] } 26. Kg3 { [%clk 0:05:56] } Rc2 { [%clk 0:09:00] } 27. Na4 {
[%clk 0:05:51] } Nh5+ { [%clk 0:09:00] } 28. Kh3 { [%clk 0:05:41] } Bxa1 {
[%clk 0:08:39] } 0-1

[Event "Королевский Гамбит. Южный Федеральный округ."]
[Date "2025-11-21"]
[Round "3.10"]
[Board "10"]
[White "Беркутов Егор"]
[WhiteElo "980"]
[Black "валерия усольцева"]
[BlackElo "1000"]
[WebSite "https://www.chessopen.ru"]
[GameId "56b615cb-8b67-449f-b02b-1f1d94cf5b87"]
[Result "0-1"]

1. e3 { [%clk 0:01:46] } Nc6 { [%clk 0:09:39] } 2. f4 { [%clk 0:01:49] } Nf6 {
[%clk 0:09:25] } 3. d4 { [%clk 0:01:46] } e6 { [%clk 0:09:12] } 4. Bb5 { [%clk
0:01:34] } Bb4+ { [%clk 0:09:09] } 5. Ke2 { [%clk 0:01:19] } O-O { [%clk
0:09:06] } 6. c3 { [%clk 0:01:00] } d5 { [%clk 0:08:13] } 7. cxb4 { [%clk
0:00:58] } Nxb4 { [%clk 0:08:05] } 8. a3 { [%clk 0:00:49] } Ne4 { [%clk
0:07:37] } 9. axb4 { [%clk 0:00:48] } e5 { [%clk 0:07:17] } 10. dxe5 { [%clk
0:00:47] } Bg4+ { [%clk 0:07:18] } 11. Ke1 { [%clk 0:00:44] } Qh4+ { [%clk
0:07:12] } 12. g3 { [%clk 0:00:43] } Qh5 { [%clk 0:06:24] } 13. h3 { [%clk
0:00:38] } Bxd1 { [%clk 0:06:20] } 14. Bd3 { [%clk 0:00:18] } Nxg3 { [%clk
0:05:59] } 15. Rh2 { [%clk 0:00:13] } f6 { [%clk 0:05:25] } 16. exf6 { [%clk
0:00:10] } gxf6 { [%clk 0:05:21] } 17. Nc3 { [%clk 0:00:07] } Bb3 { [%clk
0:05:02] } 0-1

[Event "Королевский Гамбит. Южный Федеральный округ."]
[Date "2025-11-21"]
[Round "3.10"]
[Board "10"]
[White "Журавель Егор"]
[WhiteElo "981"]
[Black "Ковалев Богдан"]
[BlackElo "990"]
[WebSite "https://www.chessopen.ru"]
[GameId "92986b41-ba82-4361-ba81-ee7009495353"]
[Result "1-0"]

1. e4 { [%clk 0:10:01] } e5 { [%clk 0:10:00] } 2. Nf3 { [%clk 0:10:02] } Na6 {
[%clk 0:09:53] } 3. Bc4 { [%clk 0:10:02] } Nf6 { [%clk 0:09:45] } 4. Nxe5 {
[%clk 0:10:00] } Nxe4 { [%clk 0:09:43] } 5. Nxf7 { [%clk 0:09:58] } Qf6 { [%clk
0:08:57] } 6. O-O { [%clk 0:09:32] } d5 { [%clk 0:08:55] } 7. Nxh8 { [%clk
0:09:31] } g6 { [%clk 0:08:55] } 8. Bxd5 { [%clk 0:09:25] } Nd6 { [%clk
0:08:45] } 9. Nc3 { [%clk 0:09:14] } Qxh8 { [%clk 0:08:43] } 10. d3 { [%clk
0:09:12] } c6 { [%clk 0:08:40] } 11. Bc4 { [%clk 0:09:11] } h5 { [%clk 0:08:28]
} 12. Bg5 { [%clk 0:09:07] } Nb4 { [%clk 0:07:57] } 13. Re1+ { [%clk 0:09:04] }
Be6 { [%clk 0:07:37] } 14. Rxe6+ { [%clk 0:08:59] } Kf7 { [%clk 0:07:30] } 15.
Qf3+ { [%clk 0:08:45] } Kg7 { [%clk 0:07:16] } 16. Qf6+ { [%clk 0:08:42] } Kh7
{ [%clk 0:07:10] } 17. Qxg6# { [%clk 0:08:41] } 1-0

[Event "Королевский Гамбит. Южный Федеральный округ."]
[Date "2025-11-21"]
[Round "3.10"]
[Board "10"]
[White "Петренко Иван"]
[WhiteElo "1010"]
[Black "Ярославцев Алексей"]
[BlackElo "1000"]
[WebSite "https://www.chessopen.ru"]
[GameId "5f2d1b41-11ac-4539-ad16-bfe716c5160b"]
[Result "0-1"]

1. e4 { [%clk 0:09:56] } c5 { [%clk 0:09:57] } 2. d3 { [%clk 0:09:59] } e5 {
[%clk 0:09:52] } 3. Qh5 { [%clk 0:09:52] } Nc6 { [%clk 0:09:42] } 4. Bg5 {
[%clk 0:09:43] } Be7 { [%clk 0:09:32] } 5. Bxe7 { [%clk 0:09:41] } Ngxe7 {
[%clk 0:09:18] } 6. Nc3 { [%clk 0:09:32] } d6 { [%clk 0:08:54] } 7. O-O-O {
[%clk 0:09:21] } Be6 { [%clk 0:08:24] } 8. b3 { [%clk 0:09:17] } Qa5 { [%clk
0:08:10] } 9. Kb2 { [%clk 0:08:52] } O-O { [%clk 0:07:51] } 10. Nf3 { [%clk
0:08:17] } Nd4 { [%clk 0:07:13] } 11. Nxd4 { [%clk 0:08:13] } cxd4 { [%clk
0:07:01] } 12. Ne2 { [%clk 0:07:47] } g6 { [%clk 0:06:47] } 13. Qf3 { [%clk
0:07:23] } Rac8 { [%clk 0:06:40] } 14. g4 { [%clk 0:07:08] } f5 { [%clk
0:06:32] } 15. gxf5 { [%clk 0:06:53] } gxf5 { [%clk 0:06:27] } 16. Qg3+ { [%clk
0:06:24] } Ng6 { [%clk 0:06:17] } 17. exf5 { [%clk 0:06:10] } Rxc2+ { [%clk
0:06:09] } 18. Kxc2 { [%clk 0:05:44] } Qxa2+ { [%clk 0:06:09] } 19. Kc1 { [%clk
0:05:40] } Rc8+ { [%clk 0:06:10] } 20. Nc3 { [%clk 0:03:59] } Rxc3# { [%clk
0:06:08] } 0-1

[Event "Королевский Гамбит. Южный Федеральный округ."]
[Date "2025-11-21"]
[Round "3.11"]
[Board "11"]
[White "Гавриленков Денис"]
[WhiteElo "990"]
[Black "Глебец Кристина"]
[BlackElo "990"]
[WebSite "https://www.chessopen.ru"]
[GameId "1b62c2f9-cd1b-4739-b0db-f3ffd54390bb"]
[Result "0-1"]

1. e4 { [%clk 0:10:01] } e5 { [%clk 0:09:59] } 2. Qh5 { [%clk 0:09:58] } d6 {
[%clk 0:09:42] } 3. Bc4 { [%clk 0:09:55] } Be7 { [%clk 0:09:29] } 4. Qxf7+ {
[%clk 0:09:55] } Kd7 { [%clk 0:09:16] } 5. Qxg7 { [%clk 0:09:57] } Nf6 { [%clk
0:08:18] } 6. Qxh8 { [%clk 0:09:53] } Qxh8 { [%clk 0:08:15] } 7. Nc3 { [%clk
0:09:47] } b6 { [%clk 0:08:01] } 8. Nf3 { [%clk 0:09:27] } Bb7 { [%clk 0:07:45]
} 9. d3 { [%clk 0:09:27] } Bf8 { [%clk 0:07:30] } 10. Bg5 { [%clk 0:09:23] }
Qg7 { [%clk 0:07:18] } 11. Bh4 { [%clk 0:09:17] } Ng4 { [%clk 0:07:01] } 12. h3
{ [%clk 0:09:08] } Nh6 { [%clk 0:06:48] } 13. a4 { [%clk 0:08:50] } Qxg2 {
[%clk 0:06:35] } 14. Rg1 { [%clk 0:08:37] } Qxh3 { [%clk 0:06:24] } 15. Ke2 {
[%clk 0:08:32] } Nc6 { [%clk 0:06:10] } 16. Nd5 { [%clk 0:08:12] } Nb4 { [%clk
0:05:53] } 17. Nxb4 { [%clk 0:07:58] } Re8 { [%clk 0:05:41] } 18. Rg8 { [%clk
0:07:50] } Qxh4 { [%clk 0:05:14] } 19. Nxh4 { [%clk 0:07:32] } Nxg8 { [%clk
0:04:43] } 20. Rg1 { [%clk 0:07:29] } Ne7 { [%clk 0:04:38] } 21. Bf7 { [%clk
0:07:27] } Rd8 { [%clk 0:04:34] } 22. Nf5 { [%clk 0:07:25] } Nc8 { [%clk
0:04:20] } 23. Rg6 { [%clk 0:06:59] } hxg6 { [%clk 0:04:14] } 24. Bxg6 { [%clk
0:06:59] } a5 { [%clk 0:04:01] } 25. Na2 { [%clk 0:06:54] } Na7 { [%clk
0:03:34] } 26. c4 { [%clk 0:06:42] } Nc6 { [%clk 0:03:18] } 27. Nc3 { [%clk
0:06:40] } Ne7 { [%clk 0:03:13] } 28. Nh4 { [%clk 0:06:29] } Nxg6 { [%clk
0:03:13] } 29. Nxg6 { [%clk 0:06:30] } Bh6 { [%clk 0:03:08] } 30. Nd5 { [%clk
0:06:08] } Bxd5 { [%clk 0:03:00] } 31. exd5 { [%clk 0:06:08] } Rg8 { [%clk
0:02:58] } 32. Nh4 { [%clk 0:06:05] } Bf4 { [%clk 0:02:10] } 33. Kf3 { [%clk
0:05:40] } Bg5 { [%clk 0:02:04] } 34. Nf5 { [%clk 0:05:37] } Rf8 { [%clk
0:02:00] } 35. Kg4 { [%clk 0:05:27] } Bc1 { [%clk 0:01:48] } 36. b3 { [%clk
0:05:21] } Rg8+ { [%clk 0:01:47] } 37. Kh5 { [%clk 0:05:18] } Rh8+ { [%clk
0:01:47] } 38. Kg6 { [%clk 0:05:19] } Rh2 { [%clk 0:01:43] } 39. f3 { [%clk
0:05:18] } Rh3 { [%clk 0:01:32] } 40. d4 { [%clk 0:04:32] } Rxf3 { [%clk
0:01:29] } 41. dxe5 { [%clk 0:04:28] } dxe5 { [%clk 0:01:27] } 42. Kf6 { [%clk
0:04:25] } e4 { [%clk 0:01:24] } 43. c5 { [%clk 0:04:15] } e3 { [%clk 0:01:23]
} 44. c6+ { [%clk 0:04:13] } Kc8 { [%clk 0:01:20] } 45. Ke6 { [%clk 0:04:02] }
e2 { [%clk 0:01:20] } 46. Nd4 { [%clk 0:03:59] } e1=Q+ { [%clk 0:01:19] } 47.
Ne2 { [%clk 0:03:46] } Qxe2# { [%clk 0:01:17] } 0-1